Statistics for The Boeing 737

Click here to take the quiz!

General Stats

  • This quiz has been taken 29 times
  • The average score is 5 of 10

Answer Stats

QuestionAnswer% Correct
When did the 737 make it's first flight?1967
70%
What was the type of 737 that was involved in the Lion Air and Ethiopian Airlines crashes in 2019?B737 MAX 8
70%
When did it enter service?1968
65%
What is the 737s biggest competitor?Airbus A320
65%
What airplane did Boeing aim to replace with the 737?B727
60%
What was the original version of the 737 called?B737-100
55%
What airline used it first?Lufthansa
50%
What was the airplane that Boeing based the fuselage of the 737 off of?B707
35%
Which version of the 737 does Ryanair mainly use?B737ng
30%
19 737s were used to train aircraft navigators for the...U.S. Air Force
20%

Score Distribution

Percentile by Number Answered

Percent of People with Each Score

Your Score History

You have not taken this quiz